000 00415nam a2200133Ia 4500
008 230822s2004 xx 000 0 und d
020 _a0-500-28032-0
041 _aeng
082 _a700.92
100 _aBAKER P
245 _aARCHITECTURE AND POLYPHONY : BUILDING IN THE ISLAMIC WORLD TODAY, THE AGA KHAN AWARD FOR ARCHITECTURE THE NINTH AWARD CYCLE
260 _bTHAMES AND HUDSON LIMITED
_c2004
300 _a175
999 _c857785
_d857785